|
|
|
|
| LEADER |
00775nam a2200301 a 4500 |
| 001 |
000000202 |
| 003 |
SVKKK |
| 005 |
20071018150947.0 |
| 008 |
030616c1991 xo e sloo |
| FMT |
|
|
|
| 038 |
|
|
|a SVKKK
|
| 040 |
|
|
|a SVKKK
|b slo
|e AACR2
|
| 041 |
0 |
|
|a slo
|a eng
|
| 044 |
|
|
|a xo
|
| 080 |
|
|
|a 55(234.372.3)(08
|2 1981
|
| 245 |
0 |
0 |
|a Západné Karpaty, séria Mineralógia, petrografia, metalogenéza, 14
|
| 260 |
|
|
|a Bratislava :
|b Geologický ústav Dionýza Štúra,
|c 1991
|
| 650 |
0 |
4 |
|a geochémia
|
| 650 |
0 |
4 |
|a geológia
|
| 650 |
0 |
4 |
|a metalogenéza
|z Západné Karpaty
|x štúdie
|x zborníky
|
| 650 |
0 |
4 |
|a mineralógia
|
| 650 |
0 |
4 |
|a petrografia
|
| 958 |
|
|
|a NP
|
| 974 |
|
|
|d 940531
|a 245/153
|
| 992 |
|
|
|a AZN
|
| BAS |
|
|
|
| 852 |
|
|
|a SVKKK
|b BIB
|
| 998 |
|
|
|a GEO
|